[Event "Berlin Eckbauer op 14th"]
[Site "Berlin"]
[Date "2011.10.17"]
[Round "1.18"]
[White "Bartoszek, Norbert"]
[Black "Neubart, Thomas"]
[Result "1/2-1/2"]
[WhiteElo "1406"]
[BlackElo "2036"]
[PlyCount "53"]
[EventDate "2011.10.17"]
[EventType "swiss"]
[EventRounds "7"]
[EventCountry "GER"]
[SourceTitle "EXT 2022"]
[Source "ChessBase"]
[SourceDate "2021.10.06"]
[SourceVersion "1"]
[SourceVersionDate "2021.10.06"]
[SourceQuality "1"]

1. e4 d6 2. d4 Nf6 3. Nc3 g6 4. Be3 Bg7 5. f3 Nbd7 6. Qd2 c6 7. g4 b5 8. a3 a6 9. Bd3 Qc7 10. Nge2 Bb7 11. Ng3 0-0 12. Bh6 e5 13. Bxg7 Kxg7 14. g5 Ne8 15. Be2 Qb6 16. 0-0-0 exd4 17. Qxd4+ Qxd4 18. Rxd4 Nc5 19. Rhd1 Ne6 20. R4d2 Nxg5 21. f4 Ne6 22. f5 Nc5 23. h4 Nd7 24. h5 g5 25. f6+ Ndxf6 26. Nf5+ Kh8 27. Nxd6 1/2-1/2

[Event "Berlin Eckbauer op 12th"]
[Site "Berlin"]
[Date "2009.09.28"]
[Round "3.9"]
[White "Neubart, Thomas"]
[Black "Wenkheimer, Rolf"]
[Result "1-0"]
[WhiteElo "2036"]
[BlackElo "1658"]
[PlyCount "43"]
[EventDate "2009.09.14"]
[EventType "swiss"]
[EventRounds "7"]
[EventCountry "GER"]
[SourceTitle "EXT 2022"]
[Source "ChessBase"]
[SourceDate "2021.10.06"]
[SourceVersion "1"]
[SourceVersionDate "2021.10.06"]
[SourceQuality "1"]

1. Nf3 d5 2. c4 e6 3. Nc3 Nf6 4. e3 Be7 5. b3 b6 6. Bb2 Bb7 7. Be2 dxc4 8. bxc4 0-0 9. 0-0 c5 10. Qc2 h6 11. Rad1 Nc6 12. d4 Nb4 13. Qb1 Qc8 14. a3 Na6 15. d5 exd5 16. cxd5 Rd8 17. e4 Qb8 18. e5 Nd7 19. Rfe1 c4 20. Bxc4 Ndc5 21. Nd4 Qc8 22. e6 1-0

[Event "Berlin op 08"]
[Site "Berlin"]
[Date "2006.08.26"]
[Round "8"]
[White "Kapr, Klaus"]
[Black "Neubart, Thomas"]
[Result "0-1"]
[WhiteElo "2052"]
[BlackElo "1834"]
[PlyCount "96"]
[EventDate "2006.08.19"]
[EventType "swiss"]
[EventRounds "9"]
[EventCountry "GER"]
[SourceTitle "EXT 2007"]
[Source "ChessBase"]
[SourceDate "2006.11.23"]
[SourceVersion "1"]
[SourceVersionDate "2006.11.23"]
[SourceQuality "1"]

1. e4 d6 2. d4 Nf6 3. Nc3 g6 4. g3 Bg7 5. Bg2 0-0 6. Nge2 c5 7. 0-0 cxd4 8. Nxd4 Nbd7 9. h3 a6 10. a4 Re8 11. Be3 Ne5 12. b3 Qa5 13. Nce2 Bd7 14. c4 Rac8 15. Rc1 Qc7 16. Qd2 Nc6 17. Nc3 Nxd4 18. Bxd4 e5 19. Be3 Bc6 20. Rfd1 Bf8 21. Bg5 Nd7 22. h4 Nc5 23. Nd5 Bxd5 24. cxd5 Qd7 25. Rc3 b5 26. axb5 Qxb5 27. Rb1 Rb8 28. Qe1 a5 29. Bf1 Qb4 30. Bc4 Nxe4 31. Re3 Nd2 32. Rd1 Nxc4 33. bxc4 Rec8 34. Rc1 Rxc4 35. Rxc4 Qxc4 36. Qxa5 Rb1+ 37. Re1 Rxe1+ 38. Qxe1 Qxd5 39. Qb1 Qe6 40. Qb8 f6 41. Be3 Kf7 42. Qb7+ Qe7 43. Qh1 Kg7 44. h5 g5 45. g4 e4 46. Bd4 Qe6 47. Qh3 Kg8 48. Kf1 Qc4+ 0-1

[Event "Berlin op 08"]
[Site "Berlin"]
[Date "2006.08.21"]
[Round "3"]
[White "Nicora, Paolo"]
[Black "Neubart, Thomas"]
[Result "1-0"]
[WhiteElo "2117"]
[BlackElo "1834"]
[PlyCount "71"]
[EventDate "2006.08.19"]
[EventType "swiss"]
[EventRounds "9"]
[EventCountry "GER"]
[SourceTitle "EXT 2007"]
[Source "ChessBase"]
[SourceDate "2006.11.23"]
[SourceVersion "1"]
[SourceVersionDate "2006.11.23"]
[SourceQuality "1"]

1. d4 Nf6 2. c4 e6 3. Nf3 b6 4. g3 Bb7 5. Bg2 Bb4+ 6. Nc3 Bxc3+ 7. bxc3 0-0 8. 0-0 d6 9. Bg5 h6 10. Bxf6 Qxf6 11. Qc2 Nd7 12. Ng5 Qxg5 13. Bxb7 Rab8 14. Bc6 Nf6 15. f4 Qa5 16. f5 d5 17. fxe6 fxe6 18. cxd5 exd5 19. Rf5 Rbd8 20. Raf1 Rd6 21. Bb7 c6 22. e4 Nd7 23. e5 Re6 24. Rxf8+ Nxf8 25. Qf5 Qxc3 26. Qxf8+ Kh7 27. Qf5+ Rg6 28. Rf4 Qd2 29. Ba6 b5 30. Bc8 Qd1+ 31. Kg2 h5 32. Be6 Kh6 33. Bf7 Rg4 34. Qe6+ Kh7 35. Qe8 Qd2+ 36. Rf2 1-0

[Event "Berlin op 09"]
[Site "Berlin"]
[Date "2005.09.26"]
[Round "4"]
[White "Neubart, Thomas"]
[Black "Adam, Horst Dieter"]
[Result "1-0"]
[WhiteElo "1852"]
[BlackElo "1515"]
[PlyCount "79"]
[EventDate "2005.09.05"]
[EventType "swiss"]
[EventRounds "7"]
[EventCountry "GER"]
[SourceTitle "EXT 2007"]
[Source "ChessBase"]
[SourceDate "2006.11.23"]
[SourceVersion "1"]
[SourceVersionDate "2006.11.23"]
[SourceQuality "1"]

1. d4 d5 2. Bf4 Nf6 3. e3 e6 4. Bd3 Bd6 5. Bg5 Nbd7 6. Nf3 h6 7. Bh4 c6 8. c3 e5 9. dxe5 Nxe5 10. Nxe5 Bxe5 11. Nd2 Be6 12. Qc2 Rc8 13. 0-0-0 c5 14. f4 Bd6 15. Kb1 Be7 16. h3 c4 17. Be2 Qb6 18. Bxf6 Bxf6 19. Bf3 g6 20. g4 Rd8 21. e4 d4 22. e5 d3 23. Qa4+ Bd7 24. Qxc4 Bg7 25. Ne4 Be6 26. Qa4+ Bd7 27. Qa3 Be6 28. Nd6+ Rxd6 29. Qxd6 Bf8 30. Qxb6 axb6 31. Bxb7 Bc4 32. Bc6+ Kd8 33. b3 Ba6 34. c4 Kc7 35. Bd5 b5 36. Rxd3 bxc4 37. Bxc4 Bb7 38. Bd5 Ba6 39. Rc1+ Kb8 40. Bc4 1-0

[Event "Berlin op 09"]
[Site "Berlin"]
[Date "2005.09.05"]
[Round "1"]
[White "Geist, Wolfgang"]
[Black "Neubart, Thomas"]
[Result "1/2-1/2"]
[WhiteElo "1456"]
[BlackElo "1852"]
[PlyCount "96"]
[EventDate "2005.09.05"]
[EventType "swiss"]
[EventRounds "7"]
[EventCountry "GER"]
[SourceTitle "EXT 2007"]
[Source "ChessBase"]
[SourceDate "2006.11.23"]
[SourceVersion "1"]
[SourceVersionDate "2006.11.23"]
[SourceQuality "1"]

1. d4 Nf6 2. e3 e6 3. Bd3 b6 4. f4 Bb7 5. Nf3 d6 6. 0-0 Be7 7. c3 Ne4 8. Nbd2 f5 9. Bb5+ c6 10. Bd3 Nxd2 11. Bxd2 0-0 12. Be1 Nd7 13. Bc4 d5 14. Bd3 Kh8 15. Ne5 Nxe5 16. fxe5 Qe8 17. Qf3 a5 18. Qh3 Ba6 19. Bxa6 Rxa6 20. Bd2 Ra7 21. Rf3 Rg8 22. g3 g5 23. Qg2 g4 24. Rf2 Qg6 25. Raf1 h5 26. Be1 Bd8 27. Re2 Rh7 28. a3 Bg5 29. Bf2 a4 30. Be1 c5 31. Bd2 Be7 32. Be1 Qe8 33. Rd2 b5 34. Bf2 Qc8 35. Be1 Bg5 36. Qe2 Qb7 37. Rc2 Be7 38. Qg2 Bg5 39. Bf2 Rc8 40. Re1 Re8 41. Qf1 Rc8 42. Qg2 cxd4 43. exd4 f4 44. gxf4 Bxf4 45. Bh4 Bh6 46. Bf6+ Kg8 47. Qg3 Qf7 48. Rf2 Qg6 1/2-1/2